000 00650nab a2200193 4500
001 244442
003 OSt
005 20231004113100.0
007 tu
008 200917s2020|||||||
040 _aDE-2950
_cDE-2950
245 0 0 _aGesprächsbedarf in West
_bAsyl. Die in der Oderlandkaserne untergebrachten Flüchtlinge sorgen für Unmut in der Nachbarschaft. Jetzt gab es ein Treffen mit Anwohnern, Stadt und Land/
_cSelim Pekel
264 _c2023
653 _aFrankfurt (Oder)
653 _aFlüchtlinge
653 _aOderlandkaserne
773 0 _g34. Jahrgang (2023) Nr. 222 vom 22.09.2023, S. 13, mit Foto
_tMärkische Oderzeitung
942 _2z
_cA
999 _c372745
_d372745